Normal view
MARC view
- Muhammad Yousuf Zia Syed Muhammad Hussain Muhammad Hassan Sohail Arslan Siddique
Entry Personal Name
001 - CONTROL NUMBER
- control field: 100433
003 - CONTROL NUMBER IDENTIFIER
- control field: NUST
005 - DATE AND TIME OF LATEST TRANSACTION
- control field: 20221017121856.0
008 - FIXED-LENGTH DATA ELEMENTS
- fixed length control field: 221017|| aca||aabn | a|a d
040 ## - CATALOGING SOURCE
- Original cataloging agency: NUST
- Transcribing agency: NUST
100 ## - HEADING--PERSONAL NAME
- Personal name: Muhammad Yousuf Zia Syed Muhammad Hussain Muhammad Hassan Sohail Arslan Siddique
670 ## - SOURCE DATA FOUND
- Source citation: Work cat.: (NUST): Muhammad Yousuf Zia Syed Muhammad Hussain Muhammad Hassan Sohail Arslan Siddique , PR-SOF-2132-Design And Development of an AI-Driven Active Configurable Robotic Knee Joint Prosthesis for Amputees, 2022.
